Statistics for How Fast Can You Type C O L O M B I A

Click here to take the quiz!

General Stats

  • This quiz has been taken 16 times
  • The average score is 66 of 104

Answer Stats

Colombia% Correct
A
100%
B
100%
C
100%
C
100%
I
100%
L
100%
M
100%
O
100%
O
100%
A
91%
A
91%
A
91%
B
91%
B
91%
B
91%
C
91%
C
91%
C
91%
I
91%
I
91%
I
91%
L
91%
L
91%
L
91%
L
91%
M
91%
M
91%
M
91%
M
91%
O
91%
O
91%
O
91%
O
91%
O
91%
O
91%
O
91%
O
91%
A
82%
B
82%
B
82%
C
82%
I
82%
L
82%
M
82%
O
82%
O
82%
A
73%
A
73%
B
73%
C
73%
I
73%
I
73%
L
73%
M
73%
O
73%
O
73%
B
64%
C
64%
I
64%
L
64%
M
64%
O
64%
O
64%
A
55%
C
55%
A
45%
B
45%
C
45%
I
45%
L
45%
L
45%
M
45%
O
45%
O
45%
O
45%
A
36%
B
36%
C
36%
I
36%
M
36%
O
36%
A
27%
B
27%
C
27%
I
27%
L
27%
L
27%
M
27%
M
27%
O
27%
O
27%
O
27%
O
27%
A
18%
B
18%
C
18%
I
18%
L
18%
M
18%
O
18%
O
18%
A
9%
B
9%
I
9%

Score Distribution

Percentile by Number Answered

Percent of People with Each Score

Your Score History

You have not taken this quiz